| 000 | 00402nam a2200109Ia 4500 | ||
|---|---|---|---|
| 008 | 171212s9999 xx 000 0 und d | ||
| 100 | _aGompert, David C.;Binnendijk, Hans | ||
| 245 |
_cGompert, David C.;Binnendijk, Hans _aThe Power to Coerce _bCountering Adversaries Without Going to War |
||
| 260 |
_bRAND Corporation _c2016 |
||
| 650 | _aHistory | ||
| 856 | _uhttp://jstor.org/stable/10.7249/j.ctt1b67wn2 | ||
| 999 |
_c352703 _d352703 |
||